| 000 | 00646nam a22001937a 4500 | ||
|---|---|---|---|
| 008 | 161103b xxu||||| |||| 00| 0 eng d | ||
| 020 | _a0485113228 | ||
| 040 |
_aKABU _cKABU |
||
| 050 |
_aRS403 _b.B43 1988 P.1 C.1 |
||
| 245 |
_aPractical pharmaceutical chemistry _cby A. H. Beckett and J. B. Stenlake |
||
| 250 | _a4th ed. | ||
| 260 |
_aNwe Delhi _bCBS publishers & distibutors pvt ltd _c1988 |
||
| 300 | _aviii,326 p. | ||
| 650 | _2Pharmaceutical chemistry | ||
| 650 |
_2Chemistry _xPharmaceutical |
||
| 700 | _aStenlake, J. B. | ||
| 700 | _aBeckett, A. H. | ||
| 942 |
_2lcc _cBK _e4th ed. _hRS403 .B43 1988 P. C.1 |
||
| 999 |
_c16232 _d16232 |
||